| 000 | 00000nam##2200000za#4500 |
| 001 | 9.650741 |
| 003 | CaOODSP |
| 005 | 20210615114535 |
| 007 | ta |
| 008 | 150407|2006||||xxc||||| f|0| 0 eng|d |
| 040 | |aCaOODSP|beng |
| 043 | |an-cn--- |
| 086 | 1 |aE84-19/2006E |
| 110 | 1 |aCanada.|bInternational Centre for Human Rights and Democratic Development. |
| 245 | 14|aThe human right to food in Malawi : |breport of an international fact-finding mission |
| 260 | |aMontreal - Quebec : |bInternational Centre for Human Rights and Democratic Development |c2006. |
| 300 | |a64p. : |breferences ; |c28 cm. |
| 520 | 3 |aThis report describes the work of an international fact-finding mission to determine the level of hunger in Malawi. The report gives background about Malawi, its food and nutrition policy, the government, and the political situation. It also describes areas visited and interviews conducted. The report summarizes the mission’s findings related to the causes of hunger in Malawi—both internal and external—and presents recommendations to government, donors, and civil society. |
| 563 | |aSoftcover |
| 590 | |a07-19|b2007-05-11 |
| 690 | 07|aHuman rights|2gcpds |
| 690 | 07|aFood supply|2gcpds |
| 775 | 08|tLe droit à l'alimentation au Malawi : |w(CaOODSP)9.683835 |
| 776 | 0#|tThe human right to food in Malawi : |w(CaOODSP)9.696079 |